000 00597nam a22002171a 4500
001 1620
003 OSt
005 20260204211740.0
008 040120s1990||||sp ||||||b||||||||||spa||
020 _a8476051549
050 _a330.122 R442m
082 _a330.122 R442m
100 _aRiehl, Heinz
245 _aMercados de divisas y mercados de dinero: operaciones de moneda nacionales y extranjeras / Heinz Riehl
264 _aEspaña : McGraw-Hill
300 _a511 p.
500 _aIncluye indice
650 _a1.Economía de Mercados
700 _aRodríguez, Rita M.Ì
942 _2ddc
_cBK
999 _c1620
_d1620